000 00493nam a2200205Ia 4500
003 OSt
005 20220918173730.0
006 a|||||r|||| 00| 0
007 ta
008 220917b |||||||| |||| 00| 0 eng d
024 _a8,086
037 _cTextual
040 _aARTS
_cARTS
_beng
041 _2eng
_aeng
082 _a86:N71, L1 906
245 0 _aAfrica
_b South of Sahara, 1971
260 _c1972
942 _h86:N71, L1 906
_cTEXL
_2CC
999 _c149877
_d149877